Filosofía de la educación en Moisés Vincenzi

Uloženo v:
Podrobná bibliografie
Hlavní autor: Gómez Herz, Juan Francisco
Médium: Kniha
Jazyk:Undetermined
Vydáno: San José, Costa Rica Escuela de Filosofía, Universidad de Costa Rica 1974
Témata:
Tagy: Přidat tag
Žádné tagy, Buďte první, kdo vytvoří štítek k tomuto záznamu!

MARC

LEADER 00000nam a2200000Ia 4500
008 170316s9999 xx 000 0 und d
040 |a cru BVZT 
090 |a TESIS 273 
100 |a Gómez Herz, Juan Francisco 
245 |a Filosofía de la educación en Moisés Vincenzi 
260 |a San José, Costa Rica 
260 |b Escuela de Filosofía, Universidad de Costa Rica 
260 |c 1974 
300 |a 159 páginas 
650 |a LICENCIATURA EN FILOSOFÍA 
650 |a TRABAJO FINAL DE GRADUACIÓN 
999 |c 13892  |d 13892 
942 |c TFG  |h TESIS 273  |2 z